[Event "XXI C.to Italiano UISP A"]
[Site "Palermo ITA"]
[Date "2000.12.??"]
[Round "2"]
[White "Tomescu, Vlad"]
[Black "Luciani, Valerio"]
[Result "1-0"]
[WhiteElo "2432"]
[BlackElo "2131"]
[PlyCount "97"]
[EventDate "2000.12.06"]

1.e4 e6 2.d4 d5 3.Nd2 c5 4.exd5 Qxd5 5.Ngf3 cxd4 6.Bc4 Qd6 7.O-O Nf6 8.Nb3
Nc6 9.Nbxd4 Nxd4 10.Nxd4 a6 11.b3 Be7 12.a4 O-O 13.Re1 Rd8 14.Bb2 Qc7 15.
Qe2 Nd5 16.Nf3 Bf6 17.Be5 Bxe5 18.Qxe5 Qxe5 19.Nxe5 Nf6 20.Rad1 Bd7 21.Rd6
Be8 22.Rxd8 Rxd8 23.a5 Kf8 24.Kf1 Ke7 25.g3 Nd7 26.Nd3 Rc8 27.Ke2 Nc5 28.
f4 Nxd3 29.Bxd3 h6 30.Kd2 g5 31.f5 Bd7 32.c4 Kd6 33.fxe6 Bxe6 34.Kc3 Rc7 
35.b4 Re7 36.Kd4 h5 37.Rf1 Re8 38.Rf2 h4 39.Bf5 Rc8 40.Bxe6 Kxe6 41.gxh4 
g4 42.Re2+ Kf6 43.Re4 Kf5 44.Re7 f6 45.Rxb7 Rh8 46.h5 Rxh5 47.b5 Kf4 48.
bxa6 Rxa5 49.a7 1-0

[Event "XXI C.to Italiano UISP A"]
[Site "Palermo ITA"]
[Date "2000.12.??"]
[Round "2"]
[White "Valguarnera, Girolamo"]
[Black "Ferro, Mario"]
[Result "1-0"]
[WhiteElo "2133"]
[BlackElo "2205"]
[PlyCount "53"]
[EventDate "2000.12.06"]

1.e4 c5 2.Nf3 Nc6 3.d4 cxd4 4.Nxd4 g6 5.Nc3 Bg7 6.Be3 d6 7.Be2 Nf6 8.O-O 
O-O 9.f3 a6 10.Qd2 Na5 11.Rad1 b5 12.Kh1 Qc7 13.Rfe1 Bb7 14.Bg5 Nc4 15.
Bxc4 Qxc4 16.Nb3 a5 17.Nd5 Nxd5 18.exd5 Bxb2 19.Nxa5 Rxa5 20.Qxa5 Bc3 21.
Qb6 Bxe1 22.Rxe1 Qxd5 23.Bxe7 Re8 24.h3 Bc8 25.Kh2 Qc5 26.Bf6 Be6 27.Rxe6 
1-0

[Event "XXI C.to Italiano UISP A"]
[Site "Palermo ITA"]
[Date "2000.12.??"]
[Round "2"]
[White "Vezzosi, Paolo"]
[Black "Galioto, Natale"]
[Result "1-0"]
[WhiteElo "2412"]
[BlackElo "2108"]
[PlyCount "47"]
[EventDate "2000.12.06"]

1.d4 Nf6 2.c4 c5 3.d5 b5 4.cxb5 a6 5.b6 Qxb6 6.Nc3 d6 7.Nf3 g6 8.Nd2 Bb7 
9.e4 Nbd7 10.Be2 Bg7 11.O-O O-O 12.Nc4 Qc7 13.Bf4 Rad8 14.Qd2 Nb6 15.Na5 
Bc8 16.Rac1 e6 17.Nc6 Rd7 18.Bf3 exd5 19.exd5 Bb7 20.b4 cxb4 21.Nxb4 Qc4 
22.Nc6 Na4 23.Ne2 Qb5 24.Rb1 1-0

[Event "XXI C.to Italiano UISP A"]
[Site "Palermo ITA"]
[Date "2000.12.??"]
[Round "3"]
[White "Adinolfi, Vincenzo"]
[Black "Vezzosi, Paolo"]
[Result "1/2-1/2"]
[WhiteElo "2132"]
[BlackElo "2412"]
[PlyCount "150"]
[EventDate "2000.12.06"]

1.Nf3 d6 2.c4 e5 3.Nc3 f5 4.d4 e4 5.Ng5 Nf6 6.f3 exf3 7.exf3 Be7 8.Be2 Na6
9.O-O c6 10.Re1 O-O 11.Bf1 Nc7 12.b3 Re8 13.Bb2 Nh5 14.Nh3 f4 15.Nf2 Bh4 
16.Qc2 Be6 17.Bd3 g6 18.Re2 d5 19.cxd5 cxd5 20.Rae1 Qd7 21.Nb5 Nxb5 22.
Bxb5 Qxb5 23.Rxe6 Rxe6 24.Rxe6 Ng7 25.Re2 Bxf2+ 26.Kxf2 Nf5 27.Qc7 g5 28.
Qe5 Rf8 29.Qe6+ Kg7 30.Re5 Qd3 31.Qxd5 h6 32.Qxb7+ Rf7 33.Qe4 Qe3+ 34.Qxe3
Nxe3 35.Ba3 Rd7 36.Re7+ Rxe7 37.Bxe7 Kf7 38.Bc5 a6 39.b4 Ke6 40.g3 h5 41.
a3 Kd5 42.Be7 fxg3+ 43.hxg3 Nc2 44.Bxg5 Nxa3 45.Be7 Nb5 46.Bc5 Nc3 47.Ke3 
Ke6 48.Kf4 Ne2+ 49.Kg5 Nxg3 50.Kh4 Ne2 51.Kxh5 Kf5 52.Kh4 Nc3 53.Kg3 Nd5 
54.Kf2 Nf4 55.Bd6 Nd5 56.Ke2 Ke6 57.Bf8 Nc7 58.Kd3 Kd5 59.Bc5 Ne6 60.Ke3 
Ng7 61.Kf4 Nh5+ 62.Kg5 Ng7 63.Kf6 Ne6 64.Ke7 Nf4 65.Kd7 Nd3 66.Ke7 Nf4 67.
Kf6 Ne6 68.Kf5 Ng7+ 69.Kg4 Ke6 70.Kg5 Kd5 71.f4 Ke4 72.Kf6 Nh5+ 73.Ke6 
Nxf4+ 74.Kd6 Nd5 75.Ke6 Nxb4 1/2-1/2

[Event "XXI C.to Italiano UISP A"]
[Site "Palermo ITA"]
[Date "2000.12.??"]
[Round "3"]
[White "Bottini, Paolo"]
[Black "Galioto, Giovanni"]
[Result "1-0"]
[WhiteElo "1911"]
[BlackElo "2159"]
[PlyCount "69"]
[EventDate "2000.12.06"]

1.e4 Nc6 2.Nf3 d6 3.d4 Nf6 4.Nc3 g6 5.Bb5 a6 6.Ba4 b5 7.Bb3 Bg7 8.Qe2 e5 
9.dxe5 dxe5 10.h3 O-O 11.O-O Nd4 12.Nxd4 exd4 13.Nd5 c6 14.Nxf6+ Qxf6 15.
a4 Be6 16.Qd3 Rfe8 17.Re1 Bxb3 18.Qxb3 Qd6 19.Qd3 f5 20.axb5 fxe4 21.Qc4+ 
Qd5 22.Qxd5+ cxd5 23.bxa6 Re6 24.f3 e3 25.Kf1 Rc6 26.Ra5 Rxc2 27.b4 Be5 
28.Bxe3 dxe3 29.Rxe3 Bg3 30.b5 Rf2+ 31.Kg1 Rb2 32.Kf1 Bc7 33.Ra1 Rxb5 34.
Re7 Bb6 35.Rb7 1-0

[Event "XXI C.to Italiano UISP A"]
[Site "Palermo ITA"]
[Date "2000.12.??"]
[Round "3"]
[White "Campanile, Antonio"]
[Black "Sedina, Elena"]
[Result "1-0"]
[WhiteElo "2154"]
[BlackElo "2405"]
[PlyCount "117"]
[EventDate "2000.12.06"]

1.c4 Nf6 2.Nf3 g6 3.g3 Bg7 4.Bg2 O-O 5.O-O d6 6.d3 e5 7.Nc3 Nc6 8.Rb1 a5 
9.a3 Nh5 10.b4 axb4 11.axb4 f5 12.Nd5 f4 13.b5 Ne7 14.Ng5 Kh8 15.Ne4 Be6 
16.Ndc3 h6 17.h3 fxg3 18.fxg3 Qd7 19.Kh2 c6 20.Rxf8+ Rxf8 21.bxc6 bxc6 22.
Ba3 Nf5 23.Qg1 Ra8 24.Bc1 Ne7 25.Qb6 d5 26.Nc5 Qd6 27.Nb5 Qb8 28.Qxb8+ 
Rxb8 29.Nxe6 cxb5 30.cxd5 Nc8 31.Ba3 Bf6 32.d6 Nxd6 33.Bxd6 Rb6 34.Bc5 
Rxe6 35.Rxb5 Ng7 36.Rb8+ Kh7 37.Bd5 Re8 38.Rxe8 Nxe8 39.Kg2 Bd8 40.Kf3 Nf6
41.Bc6 h5 42.Bd6 Kg7 43.Bxe5 Kf7 44.Bf4 Nh7 45.Bd5+ Kf6 46.h4 g5 47.hxg5+ 
Nxg5+ 48.Kg2 Ne6 49.Bxe6 Kxe6 50.e4 Bf6 51.Kf3 Bd4 52.Be3 Bf6 53.d4 Bg7 
54.Ke2 Bf8 55.Bf4 Be7 56.Kd3 h4 57.gxh4 Bxh4 58.d5+ Kf6 59.Kc4 1-0

[Event "XXI C.to Italiano UISP A"]
[Site "Palermo ITA"]
[Date "2000.12.??"]
[Round "3"]
[White "Fabiano, Giuseppe"]
[Black "Efimov, Igor"]
[Result "0-1"]
[WhiteElo "2300"]
[BlackElo "2520"]
[PlyCount "72"]
[EventDate "2000.12.06"]

1.e4 c5 2.Nf3 e6 3.d3 d5 4.Nbd2 Nc6 5.g3 Nf6 6.Bg2 Be7 7.O-O a5 8.Re1 a4 
9.a3 b6 10.e5 Nd7 11.c4 O-O 12.h4 Bb7 13.Nf1 Na5 14.Bf4 dxc4 15.dxc4 Nxc4 
16.Qc2 b5 17.Rad1 Qc7 18.N1h2 Rfd8 19.h5 Nf8 20.Ng4 Rxd1 21.Rxd1 Rd8 22.h6
Rxd1+ 23.Qxd1 Qd8 24.Qc1 Ng6 25.hxg7 Bxf3 26.Bxf3 Qd4 27.Bh6 Qxb2 28.Nf6+ 
Bxf6 29.Qxb2 Nxb2 30.exf6 b4 31.axb4 cxb4 32.Bc1 Nd3 33.Be3 a3 34.Be4 a2 
35.Bd4 Nc1 36.f4 Ne2+ 0-1

[Event "XXI C.to Italiano UISP A"]
[Site "Palermo ITA"]
[Date "2000.12.??"]
[Round "3"]
[White "Ferro, Mario"]
[Black "Ganci, Davide"]
[Result "1/2-1/2"]
[WhiteElo "2205"]
[BlackElo "1558"]
[PlyCount "71"]
[EventDate "2000.12.06"]

1.e4 d6 2.Nc3 e5 3.Bc4 Nf6 4.Nge2 Nxe4 5.Nxe4 d5 6.Bxd5 Qxd5 7.N2c3 Qd8 8.
O-O Be7 9.f4 exf4 10.Rxf4 Qd4+ 11.Kh1 f5 12.Ne2 Qd8 13.N4c3 Bd6 14.Rf1 c6 
15.d3 O-O 16.Bf4 Bxf4 17.Nxf4 Qd6 18.Qe2 Bd7 19.Rae1 Re8 20.Qh5 Na6 21.Qh4
Nc7 22.a3 Ne6 23.Nh5 Nf8 24.Qg5 Qg6 25.Qxg6 Nxg6 26.Ne2 Re5 27.d4 Re3 28.
Neg3 Rae8 29.Rd1 Ne7 30.Nf4 g6 31.Nd3 Nd5 32.Ne5 Re7 33.c4 Nf6 34.Rf3 Rxf3
35.gxf3 Kf8 36.b4 1/2-1/2

[Event "XXI C.to Italiano UISP A"]
[Site "Palermo ITA"]
[Date "2000.12.??"]
[Round "3"]
[White "Genovese, Maurizio"]
[Black "Gardon, Ermanno"]
[Result "1-0"]
[WhiteElo "2285"]
[BlackElo "2101"]
[PlyCount "51"]
[EventDate "2000.12.06"]

1.d4 Nf6 2.c4 c5 3.d5 b5 4.Qc2 Bb7 5.e4 bxc4 6.Nc3 d6 7.Bxc4 Nbd7 8.Nf3 g6
9.b3 Bg7 10.Bb2 Nb6 11.O-O O-O 12.Rfe1 Rb8 13.Bf1 Qc8 14.Rad1 Rd8 15.Nb5 
a6 16.Na3 a5 17.Bc3 Ba6 18.Nc4 Bxc4 19.bxc4 Qa6 20.e5 dxe5 21.Nxe5 Rb7 22.
Rb1 Ne8 23.Rb5 Nd7 24.Nc6 Rxb5 25.cxb5 Qb6 26.Bxa5 1-0

[Event "XXI C.to Italiano UISP A"]
[Site "Palermo ITA"]
[Date "2000.12.??"]
[Round "3"]
[White "Insabato, Giovanbattista"]
[Black "Pompa, Alessandro"]
[Result "1-0"]
[WhiteElo "1996"]
[BlackElo "2094"]
[PlyCount "55"]
[EventDate "2000.12.06"]

1.Nf3 c5 2.g3 Nc6 3.Bg2 d5 4.O-O e5 5.d3 f6 6.e4 Nge7 7.Nc3 Be6 8.exd5 
Nxd5 9.Re1 Qd7 10.Ne4 Be7 11.c3 O-O 12.d4 cxd4 13.cxd4 Nxd4 14.Nxd4 exd4 
15.Qxd4 Nb4 16.Nxf6+ Bxf6 17.Qxb4 Rac8 18.Bf4 Bg4 19.Bxb7 Rcd8 20.Rac1 g5 
21.Bc6 Qd3 22.Be4 Qa6 23.Be3 Rb8 24.Bxh7+ Kxh7 25.Qxg4 Rxb2 26.Qh5+ Kg8 
27.Qg6+ Kh8 28.Rc7 1-0

[Event "XXI C.to Italiano UISP A"]
[Site "Palermo ITA"]
[Date "2000.12.??"]
[Round "3"]
[White "Lazic, Miroljub"]
[Black "Tomescu, Vlad"]
[Result "1/2-1/2"]
[WhiteElo "2488"]
[BlackElo "2432"]
[PlyCount "58"]
[EventDate "2000.12.06"]

1.e4 c5 2.Nc3 Nc6 3.g3 g6 4.Bg2 Bg7 5.d3 e6 6.Be3 d6 7.Qd2 Nd4 8.Nd1 Ne7 
9.c3 Ndc6 10.Bh6 O-O 11.Bxg7 Kxg7 12.h4 h5 13.Nf3 d5 14.exd5 Nxd5 15.Ne3 
Nf6 16.O-O-O Qc7 17.Ng5 b6 18.Ne4 Nxe4 19.Bxe4 Bb7 20.g4 Rh8 21.gxh5 Rxh5 
22.Bf3 Ne7 23.Bxh5 Bxh1 24.Bxg6 Nxg6 25.Rxh1 Qf4 26.Ng2 Qg4 27.Rg1 Nxh4 
28.Qd1 Qxd1+ 29.Kxd1 Nxg2 1/2-1/2

[Event "XXI C.to Italiano UISP A"]
[Site "Palermo ITA"]
[Date "2000.12.??"]
[Round "3"]
[White "Livecchi, Dario"]
[Black "Chilingirova, Pavlina"]
[Result "0-1"]
[WhiteElo "2200"]
[BlackElo "2269"]
[PlyCount "103"]
[EventDate "2000.12.06"]

1.d4 d6 2.Nf3 g6 3.c4 Bg7 4.Nc3 e5 5.dxe5 dxe5 6.Qxd8+ Kxd8 7.e4 c6 8.Be3 
f6 9.O-O-O+ Kc7 10.Bc5 Be6 11.Bd6+ Kc8 12.Be2 Nd7 13.Nd2 Nh6 14.f3 Nf7 15.
Ba3 Bf8 16.Bxf8 Rxf8 17.Nb3 Kc7 18.Nd5+ Bxd5 19.cxd5 c5 20.Bb5 Rac8 21.Kd2
Nd6 22.Bxd7 Kxd7 23.g4 c4 24.Na5 Rc7 25.Rc1 Rfc8 26.h4 Nb5 27.g5 f5 28.h5 
Nd4 29.Ke3 b6 30.Nc6 Nxc6 31.dxc6+ Rxc6 32.Rcd1+ Rd6 33.hxg6 hxg6 34.Rh7+ 
Kc6 35.Rxd6+ Kxd6 36.Rg7 Kc5 37.Rxg6 f4+ 38.Ke2 Rh8 39.Rh6 Rg8 40.g6 b5 
41.Rh5 Rxg6 42.Rxe5+ Kb4 43.Kf2 Rd6 44.Ke2 Rh6 45.a3+ Ka4 46.Re7 a5 47.e5 
Rh2+ 48.Kf1 Rxb2 49.e6 Rb3 50.Rf7 Rxf3+ 51.Kg2 Re3 52.e7 0-1

[Event "XXI C.to Italiano UISP A"]
[Site "Palermo ITA"]
[Date "2000.12.??"]
[Round "3"]
[White "Luciani, Valerio"]
[Black "Aleksic, Nenad"]
[Result "0-1"]
[WhiteElo "2131"]
[BlackElo "2407"]
[PlyCount "54"]
[EventDate "2000.12.06"]

1.d4 Nf6 2.c4 e6 3.g3 c5 4.Nf3 cxd4 5.Nxd4 a6 6.Bg2 Qc7 7.b3 Bb4+ 8.Kf1 
Nc6 9.Nxc6 dxc6 10.Bb2 O-O 11.Nc3 e5 12.Qc2 Be7 13.h3 Be6 14.Kg1 Rad8 15.
Kh2 h5 16.Rhd1 h4 17.g4 e4+ 18.Kg1 e3 19.fxe3 Bxg4 20.Ne4 Nxe4 21.Qxe4 
Bxe2 22.Re1 Bh5 23.Bc3 Rfe8 24.Qf4 Rd7 25.Be5 Qd8 26.Bc3 Bg5 27.Qf2 Qe7 
0-1

[Event "XXI C.to Italiano UISP A"]
[Site "Palermo ITA"]
[Date "2000.12.??"]
[Round "3"]
[White "Ottavi, Marco"]
[Black "Salami, Marco"]
[Result "1/2-1/2"]
[WhiteElo "2050"]
[BlackElo "2207"]
[PlyCount "27"]
[EventDate "2000.12.06"]

1.e4 e6 2.d4 d5 3.Nd2 Nf6 4.e5 Nfd7 5.Bd3 c5 6.c3 Nc6 7.Ne2 cxd4 8.cxd4 f6
9.exf6 Nxf6 10.Nf3 Bd6 11.O-O Qc7 12.Bg5 O-O 13.Ng3 Kh8 14.Rc1 1/2-1/2

[Event "XXI C.to Italiano UISP A"]
[Site "Palermo ITA"]
[Date "2000.12.??"]
[Round "3"]
[White "Ristic, Nenad"]
[Black "Lucaroni, Massimiliano"]
[Result "1/2-1/2"]
[WhiteElo "2429"]
[BlackElo "2288"]
[PlyCount "60"]
[EventDate "2000.12.06"]

1.e4 e5 2.Nf3 Nc6 3.Bb5 Nf6 4.d3 Bc5 5.O-O d6 6.h3 O-O 7.c3 Ne7 8.Re1 Ng6 
9.d4 Bb6 10.Nbd2 c6 11.Bf1 Re8 12.Qc2 Bc7 13.dxe5 dxe5 14.Nc4 h6 15.b3 Nh7
16.Ba3 Qf6 17.Nh2 b5 18.Ne3 Nh4 19.c4 a6 20.cxb5 axb5 21.Bb2 Ng5 22.Rec1 
Bd7 23.Rd1 Rad8 24.Bxb5 cxb5 25.Qxc7 Bxh3 26.Rxd8 Rxd8 27.Bxe5 Bxg2 28.
Nxg2 Nh3+ 29.Kh1 Nxf2+ 30.Kg1 Nh3+ 1/2-1/2

[Event "XXI C.to Italiano UISP A"]
[Site "Palermo ITA"]
[Date "2000.12.??"]
[Round "3"]
[White "Sarno, Spartaco"]
[Black "Valguarnera, Girolamo"]
[Result "1/2-1/2"]
[WhiteElo "2398"]
[BlackElo "2133"]
[PlyCount "91"]
[EventDate "2000.12.06"]

1.c4 e5 2.Nc3 Bc5 3.Nf3 Nc6 4.g3 Nf6 5.Bg2 O-O 6.O-O d6 7.d3 h6 8.Na4 Bb6 
9.h3 Bd7 10.e4 Bd4 11.Nxd4 exd4 12.f4 Rb8 13.b3 b5 14.Nb2 bxc4 15.Nxc4 Re8
16.Bb2 a5 17.Rc1 Rb5 18.Qd2 Qe7 19.Rfe1 Nh5 20.g4 Qh4 21.Na3 Nb4 22.Nxb5 
Nxf4 23.Nxc7 Qg3 24.Nxe8 Nbxd3 25.Nxd6 Nxh3+ 26.Kf1 Bxg4 27.Nf5 Qh2 28.
Bxd4 Nhf4 29.Bg1 Qh5 30.Re3 Nxc1 31.Qxc1 Be2+ 32.Kf2 Nd3+ 33.Rxd3 Bxd3 34.
Qe3 Qd1 35.Bh2 h5 36.Qe1 Qc2+ 37.Kg1 Qxa2 38.Kh1 Qxb3 39.Qg3 g6 40.Qb8+ 
Qxb8 41.Bxb8 gxf5 42.exf5 Bxf5 43.Bc6 Be6 44.Bc7 Kg7 45.Bxa5 Kg6 46.Bd8 
1/2-1/2

[Event "XXI C.to Italiano UISP A"]
[Site "Palermo ITA"]
[Date "2000.12.??"]
[Round "3"]
[White "Scacco, Mauro"]
[Black "Bellipanni, Piero"]
[Result "1-0"]
[WhiteElo "2043"]
[BlackElo "2166"]
[PlyCount "101"]
[EventDate "2000.12.06"]

1.e4 c5 2.b4 cxb4 3.Nf3 Nc6 4.d4 d6 5.Bc4 Nf6 6.Qe2 Bg4 7.Bb2 e5 8.Nbd2 
Nxd4 9.Bxd4 exd4 10.h3 Bxf3 11.Nxf3 Be7 12.e5 O-O 13.exf6 Bxf6 14.O-O d3 
15.Qxd3 Bxa1 16.Rxa1 Rc8 17.Rd1 Qf6 18.Bb3 Rfd8 19.Qb5 b6 20.Qxb4 h6 21.
Qg4 Rc5 22.Rd4 d5 23.Qh5 b5 24.Qe5 Qe6 25.Rg4 Qxe5 26.Nxe5 a5 27.a4 b4 28.
Rd4 Kf8 29.Nd3 Rc3 30.Nf4 g5 31.Rxd5 Rxd5 32.Nxd5 Rc5 33.g4 Ke8 34.Kg2 Rc6
35.Ne3 h5 36.gxh5 Kf8 37.Kg3 Rc5 38.Kg4 Kg7 39.Nf5+ Kf6 40.Nd6 Re5 41.f3 
Re2 42.Ne4+ Ke5 43.Bxf7 Rg2+ 44.Ng3 Rxc2 45.Kxg5 Rc7 46.f4+ Kd4 47.Bg6 b3 
48.h6 b2 49.h7 Rc8 50.Nf5+ Kc3 51.Ne7 1-0

[Event "XXI C.to Italiano UISP A"]
[Site "Palermo ITA"]
[Date "2000.12.??"]
[Round "3"]
[White "Terreni, Fabio"]
[Black "Farina, Saverio"]
[Result "1/2-1/2"]
[WhiteElo "1903"]
[BlackElo "2163"]
[PlyCount "25"]
[EventDate "2000.12.06"]

1.e4 e6 2.d4 d5 3.Nd2 c5 4.exd5 exd5 5.Ngf3 Nc6 6.Bb5 Qe7+ 7.Qe2 Qxe2+ 8.
Kxe2 a6 9.Bxc6+ bxc6 10.Re1 Bd6 11.Kf1+ Ne7 12.dxc5 Bxc5 13.Nb3 1/2-1/2

[Event "XXI C.to Italiano UISP A"]
[Site "Palermo ITA"]
[Date "2000.12.??"]
[Round "3"]
[White "Tirrito, Luca"]
[Black "Galioto, Natale"]
[Result "1-0"]
[WhiteElo "1699"]
[BlackElo "2108"]
[PlyCount "149"]
[EventDate "2000.12.06"]

1.e4 e6 2.d4 d5 3.e5 c5 4.c3 Nc6 5.Nf3 Bd7 6.dxc5 Bxc5 7.Bd3 Nge7 8.Bf4 
Ng6 9.Bg3 f5 10.h4 Qc7 11.Qe2 O-O-O 12.h5 f4 13.hxg6 fxg3 14.gxh7 gxf2+ 
15.Kf1 Be8 16.Nbd2 Qe7 17.Nb3 g6 18.Nxc5 Qxc5 19.Qxf2 Qe7 20.Qh4 Rd7 21.
Qxe7 Rxe7 22.g4 Rexh7 23.Rxh7 Rxh7 24.Kg2 d4 25.cxd4 Rd7 26.Bb5 Rd5 27.
Bxc6 Bxc6 28.Kg3 Rb5 29.b3 a5 30.Rc1 a4 31.Nd2 axb3 32.Nxb3 Kd8 33.Kf4 Rb4
34.Rd1 Ke7 35.Kg5 Ra4 36.Rd2 Ra8 37.Rh2 Rf8 38.Rh7+ Rf7 39.Rh6 Be4 40.Nc5 
Bb1 41.Nxb7 Bxa2 42.Nd6 Rg7 43.Rxg6 Rh7 44.Rh6 Rg7+ 45.Kh5 Bb3 46.g5 Bd1+ 
47.Kh4 Bc2 48.Kg4 Kd7 49.Kf4 Bb1 50.Rh1 Bg6 51.Ra1 Kc6 52.Rc1+ Kd7 53.Nb7 
Rf7+ 54.Kg4 Bf5+ 55.Kf4 Bg6+ 56.Ke3 Rh7 57.Nc5+ Ke7 58.Rf1 Bf7 59.Rf6 Rh3+
60.Ke4 Rh4+ 61.Kd3 Rg4 62.Ne4 Bh5 63.Rh6 Bf7 64.Ke3 Kf8 65.Kf3 Rg1 66.Ng3 
Kg7 67.Nh5+ Kg8 68.Nf4 Rxg5 69.Nxe6 Rg1 70.Ke4 Ra1 71.d5 Ra4+ 72.Kf5 Ra5 
73.d6 Rd5 74.Kf6 Be8 75.Nc7 1-0

[Event "XXI C.to Italiano UISP A"]
[Site "Palermo ITA"]
[Date "2000.12.??"]
[Round "4"]
[White "Aleksic, Nenad"]
[Black "Scacco, Mauro"]
[Result "1-0"]
[WhiteElo "2407"]
[BlackElo "2043"]
[PlyCount "76"]
[EventDate "2000.12.06"]

1.e4 e5 2.Nf3 Nc6 3.c3 Nf6 4.d3 d5 5.Qc2 Be7 6.Be2 O-O 7.b4 a6 8.a3 h6 9.
O-O Be6 10.Bb2 Re8 11.Nbd2 Qd7 12.Rfe1 Rad8 13.Bf1 dxe4 14.dxe4 Nh7 15.Nc4
f6 16.Ne3 Ng5 17.Be2 Bf8 18.Rad1 Qf7 19.Nxg5 hxg5 20.Nd5 Rd7 21.c4 Nd4 22.
Bxd4 exd4 23.Rxd4 c6 24.Rdd1 Red8 25.Ne3 Bd6 26.c5 Be5 27.Rxd7 Rxd7 28.Bc4
g6 29.Ng4 Kg7 30.Nxe5 fxe5 31.Bxe6 Qxe6 32.h3 Rd4 33.Re3 Qd7 34.Rg3 Rd2 
35.Qc3 Rd1+ 36.Kh2 Rd4 37.Rxg5 Rxe4 38.Rxe5 Qc7 1-0

[Event "XXI C.to Italiano UISP A"]
[Site "Palermo ITA"]
[Date "2000.12.??"]
[Round "4"]
[White "Bellipanni, Piero"]
[Black "Ganci, Davide"]
[Result "1-0"]
[WhiteElo "2166"]
[BlackElo "1558"]
[PlyCount "65"]
[EventDate "2000.12.06"]

1.d4 Nf6 2.Bg5 Ne4 3.Bh4 g5 4.f3 gxh4 5.fxe4 Bh6 6.Nf3 e6 7.Qd3 b6 8.Nbd2 
Qe7 9.O-O-O a5 10.Kb1 a4 11.a3 Ra5 12.e5 b5 13.Ne4 b4 14.Nf6+ Kd8 15.axb4 
Qxb4 16.Qa3 Qb6 17.e4 Bf8 18.Qa2 Nc6 19.c3 a3 20.b3 Ba6 21.Ng5 Ke7 22.Bxa6
Rxa6 23.Rhf1 Qa5 24.Rd3 Bh6 25.Nfxh7 Bxg5 26.Nxg5 Rb8 27.Rxf7+ Ke8 28.Rdf3
Nd8 29.Rf8+ Ke7 30.Qf2 Rxb3+ 31.Ka1 Qxc3+ 32.Rxc3 Rxc3 33.Qf7+ 1-0

[Event "XXI C.to Italiano UISP A"]
[Site "Palermo ITA"]
[Date "2000.12.??"]
[Round "4"]
[White "Chilingirova, Pavlina"]
[Black "Lazic, Miroljub"]
[Result "1/2-1/2"]
[WhiteElo "2269"]
[BlackElo "2488"]
[PlyCount "52"]
[EventDate "2000.12.06"]

1.c4 c5 2.Nc3 Nf6 3.g3 d5 4.cxd5 Nxd5 5.Bg2 Nc7 6.d3 e5 7.Be3 Be7 8.Rc1 
Nd7 9.Nf3 O-O 10.O-O Rb8 11.a3 b6 12.Qa4 a5 13.Nb5 Nxb5 14.Qxb5 Re8 15.Nd2
Nf8 16.Bc6 Bd7 17.Bxd7 Qxd7 18.Qxd7 Nxd7 19.a4 Bd6 20.Ne4 Re6 21.g4 Nf6 
22.Nxf6+ Rxf6 23.f3 Re6 24.g5 Rd8 25.Ra1 Rg6 26.h4 f5 1/2-1/2

[Event "XXI C.to Italiano UISP A"]
[Site "Palermo ITA"]
[Date "2000.12.??"]
[Round "4"]
[White "Efimov, Igor"]
[Black "Tomescu, Vlad"]
[Result "1/2-1/2"]
[WhiteElo "2520"]
[BlackElo "2432"]
[PlyCount "31"]
[EventDate "2000.12.06"]

1.Nf3 Nf6 2.c4 g6 3.d4 Bg7 4.Nc3 d5 5.cxd5 Nxd5 6.e4 Nxc3 7.bxc3 c5 8.h3 
O-O 9.Be2 b6 10.Be3 Bb7 11.Qd3 cxd4 12.cxd4 Nc6 13.O-O e6 14.Rfd1 Rc8 15.
Rac1 Qd6 16.Qb5 1/2-1/2

[Event "XXI C.to Italiano UISP A"]
[Site "Palermo ITA"]
[Date "2000.12.??"]
[Round "4"]
[White "Fabiano, Giuseppe"]
[Black "Sedina, Elena"]
[Result "0-1"]
[WhiteElo "2300"]
[BlackElo "2405"]
[PlyCount "67"]
[EventDate "2000.12.06"]

1.d4 Nf6 2.Nf3 c5 3.d5 b5 4.c4 g6 5.cxb5 a6 6.b6 d6 7.Nc3 Nbd7 8.e4 Bg7 9.
Be2 O-O 10.O-O Nxb6 11.Bg5 Rb8 12.Nd2 Ne8 13.Nb3 Bd7 14.Qd2 Nc7 15.Nxc5 
dxc5 16.d6 Re8 17.dxc7 Qxc7 18.Bf4 Be5 19.Bxe5 Qxe5 20.Bxa6 Be6 21.Be2 
Red8 22.Qc2 Nc4 23.Bxc4 Bxc4 24.Rfd1 Rd4 25.b3 Ba6 26.Rac1 Rbd8 27.Nd5 Rc8
28.Nb6 Rcd8 29.Nd5 Bc8 30.f3 Bb7 31.Ne3 h5 32.Nc4 Qf6 33.Rxd4 cxd4 34.Rd1 
0-1

[Event "XXI C.to Italiano UISP A"]
[Site "Palermo ITA"]
[Date "2000.12.??"]
[Round "4"]
[White "Farina, Saverio"]
[Black "Insabato, Giovanbattista"]
[Result "1/2-1/2"]
[WhiteElo "2163"]
[BlackElo "1996"]
[PlyCount "94"]
[EventDate "2000.12.06"]

1.c4 Nf6 2.Nc3 e6 3.e4 Nc6 4.Nf3 d5 5.exd5 exd5 6.d4 Be7 7.cxd5 Nxd5 8.Bc4
Be6 9.Qb3 Na5 10.Qa4+ c6 11.Bxd5 Bxd5 12.Nxd5 Qxd5 13.O-O O-O 14.b3 b6 15.
Re1 Bd6 16.Ba3 Nb7 17.Bxd6 Qxd6 18.b4 a5 19.b5 c5 20.Rad1 Rfe8 21.dxc5 
Rxe1+ 22.Rxe1 Nxc5 23.Qc2 Rd8 24.g3 h6 25.Nh4 Qd3 26.Qxd3 Rxd3 27.Re8+ Kh7
28.Re7 Rd2 29.Rxf7 Rxa2 30.f4 Rb2 31.f5 Rxb5 32.Ng6 Nd7 33.Rxd7 Rxf5 34.
Ne7 Rf7 35.Ra7 a4 36.g4 a3 37.Rxa3 Rxe7 38.Kf2 Kg8 39.Ra8+ Kf7 40.Rb8 Re6 
41.h4 g6 42.g5 hxg5 43.hxg5 Rc6 44.Ke3 Ke6 45.Ke4 Rc4+ 46.Kd3 Rc6 47.Ke4 
Rc4+ 1/2-1/2

[Event "XXI C.to Italiano UISP A"]
[Site "Palermo ITA"]
[Date "2000.12.??"]
[Round "4"]
[White "Galioto, Giovanni"]
[Black "Ferro, Mario"]
[Result "0-1"]
[WhiteElo "2159"]
[BlackElo "2205"]
[PlyCount "68"]
[EventDate "2000.12.06"]

1.e4 c5 2.Nf3 Nc6 3.d4 cxd4 4.Nxd4 g6 5.c4 Bg7 6.Be3 Qa5+ 7.Nc3 Nf6 8.Qd2 
Nxe4 9.Nxc6 Qxc3 10.bxc3 Nxd2 11.Nd4 Nxf1 12.Kxf1 b6 13.Nb5 O-O 14.Rd1 d6 
15.Nc7 Rb8 16.Nd5 Re8 17.Kg1 Bb7 18.f4 Rbc8 19.Bd4 Bxd5 20.Bxg7 Kxg7 21.
cxd5 Rxc3 22.h3 Rec8 23.Kh2 Rc2 24.a4 R8c4 25.a5 Rxf4 26.axb6 Rff2 27.Rhg1
axb6 28.Rb1 Rb2 29.Rbc1 Rfc2 30.Ra1 Re2 31.Ra7 b5 32.Kh1 Rbd2 33.Rb7 Rxd5 
34.Rb1 Ree5 0-1

[Event "XXI C.to Italiano UISP A"]
[Site "Palermo ITA"]
[Date "2000.12.??"]
[Round "4"]
[White "Galioto, Natale"]
[Black "Pompa, Alessandro"]
[Result "1-0"]
[WhiteElo "2108"]
[BlackElo "2094"]
[PlyCount "109"]
[EventDate "2000.12.06"]

1.e4 c6 2.d4 d5 3.e5 h5 4.Bd3 c5 5.c3 Nc6 6.Ne2 Nh6 7.Bxh6 Rxh6 8.f4 Bg4 
9.dxc5 e6 10.b4 Qh4+ 11.g3 Qh3 12.Na3 h4 13.Kd2 Bxe2 14.Qxe2 hxg3 15.Rag1 
gxh2 16.Rg2 Qh4 17.Rf2 Qg3 18.Nb5 O-O-O 19.Qe3 Qg1 20.Qe1 Qxe1+ 21.Kxe1 a5
22.a3 d4 23.Be4 dxc3 24.Bxc6 bxc6 25.Nd6+ Bxd6 26.exd6 axb4 27.axb4 Kb7 
28.Rhxh2 Rxh2 29.Rxh2 Ka6 30.Rc2 Kb5 31.Rxc3 Kxb4 32.Rc1 Kb3 33.Ke2 Kb2 
34.Rc4 Kb3 35.Rd4 Kc3 36.Ra4 g6 37.Ra6 Rc8 38.Rxc6 Rxc6 39.d7 Rxc5 40.d8=Q
Rf5 41.Ke3 Kc4 42.Qb6 Kd5 43.Qc7 e5 44.Qd7+ Kc5 45.fxe5 Rxe5+ 46.Kf4 Rf5+ 
47.Ke4 Kb6 48.Qd6+ Kb7 49.Kd4 Kc8 50.Qe7 Kb8 51.Qd7 Rf2 52.Ke5 Rf5+ 53.Kd6
Rf4 54.Qc7+ Ka8 55.Kd7 1-0

[Event "XXI C.to Italiano UISP A"]
[Site "Palermo ITA"]
[Date "2000.12.??"]
[Round "4"]
[White "Gardon, Ermanno"]
[Black "Tirrito, Luca"]
[Result "1-0"]
[WhiteElo "2101"]
[BlackElo "1699"]
[PlyCount "105"]
[EventDate "2000.12.06"]

1.e4 e5 2.Nf3 d6 3.Bc4 Be7 4.O-O Nf6 5.Re1 O-O 6.c3 c6 7.Bb3 Nbd7 8.d4 Qc7
9.Nbd2 b6 10.Nf1 c5 11.Ng3 c4 12.Bc2 g6 13.Bh6 Re8 14.h4 Bf8 15.Bxf8 Nxf8 
16.h5 Ne6 17.Qd2 Nf4 18.hxg6 hxg6 19.Nf1 Ba6 20.g3 Qc8 21.N1h2 Nd3 22.Bxd3
cxd3 23.d5 Kg7 24.b3 Rh8 25.Ng5 Rh5 26.Nhf3 Qh8 27.Kg2 Qh6 28.Rh1 Rh8 29.
Rxh5 Qxh5 30.Nh4 Qe2 31.Qxe2 dxe2 32.c4 b5 33.cxb5 Bxb5 34.Nhf3 Rc8 35.Ne1
Rc3 36.f3 a5 37.Kf2 Nd7 38.Nh3 Nc5 39.Ng1 a4 40.bxa4 Nxa4 41.Nxe2 Ra3 42.
Nc2 Rd3 43.Rb1 Rd2 44.Rxb5 Rxc2 45.Rb3 Rxa2 46.Ke3 Nc5 47.Rc3 f5 48.exf5 
gxf5 49.f4 e4 50.Nd4 Kf6 51.Nb5 Ra6 52.Nxd6 Rxd6 53.Rxc5 1-0

[Event "XXI C.to Italiano UISP A"]
[Site "Palermo ITA"]
[Date "2000.12.??"]
[Round "4"]
[White "Insabato, Giovanbattista"]
[Black "Adinolfi, Vincenzo"]
[Result "0-1"]
[WhiteElo "1996"]
[BlackElo "2132"]
[PlyCount "116"]
[EventDate "2000.12.06"]

1.Nf3 g6 2.g3 Bg7 3.Bg2 d5 4.O-O e5 5.d3 Ne7 6.e4 O-O 7.Nc3 c6 8.Bg5 f6 9.
Bd2 Bg4 10.Qc1 Na6 11.Bh6 Nc5 12.Bxg7 Kxg7 13.h3 Be6 14.Re1 dxe4 15.dxe4 
Qc8 16.Kh2 Rd8 17.Qe3 b6 18.Rad1 Qc7 19.a3 Rxd1 20.Rxd1 Rd8 21.Rxd8 Qxd8 
22.g4 h6 23.Bf1 g5 24.b4 Nb7 25.Qd3 Ng6 26.Qxd8 Nxd8 27.Nd2 Nf4 28.Bc4 Bd7
29.Nf1 Nde6 30.Ne3 Nd4 31.Kg3 h5 32.Bf1 h4+ 33.Kh2 Kf8 34.a4 Be6 35.b5 Bd7
36.bxc6 Bxc6 37.Ned5 Bxd5 38.exd5 Nxc2 39.d6 Nd4 40.Ne4 Kg7 41.Bc4 Nfe6 
42.Kg1 Nc5 43.Nc3 a6 44.Kf1 b5 45.axb5 axb5 46.Nxb5 Nxb5 47.Bxb5 Kf7 48.
Bc4+ Ke8 49.Bb5+ Kd8 50.Ke1 Ne4 51.d7 Nc5 52.Kd2 Nxd7 53.Bxd7 Kxd7 54.Kd3 
Kd6 55.Ke4 Ke6 56.f3 Ke7 57.Kf5 Kf7 58.Ke4 Ke6 0-1